Países mais violentos do mundo - Statistics

Estatísticas Gerais
  • Esse quiz foi jogado 118 vezes
  • A pontuação média é 5 de 10
Estatísticas das Respostas
Taxa de Homicidios (100 Mil Hab.) País % Correto
53,7 Venezuela
81%
41,2 El Salvador
72%
90,4 Honduras
72%
39,9 Guatemala
71%
44,7 Belize
55%
39,3 Jamaica
51%
31 África do Sul
43%
29,8 Bahamas
33%
33,6 São Cristovão
24%
33,8 Suazilândia
12%
Nenhum quiz correspondente encontrado
Distribuição das Pontuações
Porcentagem de Pessoas com Cada Pontuação
Percentil de Números Respondidos
Sua Pontuação Histórica
Você não jogou esse quiz